The WHO application of ICD-10 to deaths during pregnancy, childbirth and the puerperium: ICD-MM
Saved in:
| Corporate Author: | |
|---|---|
| Format: | Book |
| Published: |
Geneva, Switzerland
World Health Organization
2012
|
| Subjects: | |
| Online Access: | full text |
| Tags: |
Add Tag
No Tags, Be the first to tag this record!
|
| LEADER | 00817nam a22001577a 4500 | ||
|---|---|---|---|
| 020 | |a 9789241548458 | ||
| 060 | |a WQ 270 | ||
| 110 | |a World Health Organization |9 11 | ||
| 245 | |a The WHO application of ICD-10 to deaths during pregnancy, childbirth and the puerperium: ICD-MM | ||
| 260 | |a Geneva, Switzerland |b World Health Organization |c 2012 | ||
| 300 | |a vii, 68p. | ||
| 650 | |a Maternal mortality classification |a Cause of death classification |a Postpartum period |a Parturition |a Pregnancy complications classification |a Pregnancy outcome |9 446 | ||
| 856 | |u http://apps.who.int/iris/bitstream/10665/70929/1/9789241548458_eng.pdf |y full text | ||
| 942 | |2 NLM |c WHO | ||
| 952 | |0 0 |1 0 |2 NLM |4 0 |6 WQ_270_000000000000000_WHO_2012 |7 0 |9 1068 |a NHRC |b NHRC |c CART |d 2012-12-17 |l 0 |o WQ 270/WHO/2012 |p 001643 |r 2012-12-17 |w 2012-12-17 |y WHO | ||
| 999 | |c 1034 |d 1034 | ||